Cómo se enseñan los deportes /

Obra que se centra en la metodología y apoyos didácticos necesarios para llevar una práctica educativa adecuada para cualquier enseñanza deportiva.

Salvato in:
Dettagli Bibliografici
Autore principale: Target, Christian (autor)
Altri autori: Cathelineau, Jacques (autor) (autor)
Natura: Libro
Lingua:spagnolo
Pubblicazione: Barcelona, España : INDE, 2002, c2002
Soggetti:
Tags: Aggiungi Tag
Nessun Tag, puoi essere il primo ad aggiungerne!!

MARC

LEADER 00000nam^a2200000^a^4500
001 000179458
005 20250521000000.0
009 20260526130106.602
020 |a 84-95114-71-2 
037 |a Acervo ITESO - Biblioteca 
041 |a ESP 
082 |a 796. 07  |b TAR 
100 |a Target, Christian  |e (autor) 
245 1 0 |a Cómo se enseñan los deportes /  |c C. Target, J. Cathelineau ; tr. por José Solans Benito. 
264 4 |a Barcelona, España :  |b INDE,  |c 2002, c2002 
300 |a 239 p. 
336 |a texto  |b txt  |2 rdacontenido 
337 |a sin mediación  |b n  |2 rdamedio 
338 |a volumen  |b nc  |2 rdasoporte 
500 |a Traducción de: Pédagogie sportive. Modules de formation et méthode d'enseignement des standars 
520 |a Obra que se centra en la metodología y apoyos didácticos necesarios para llevar una práctica educativa adecuada para cualquier enseñanza deportiva. 
649 |a XX 
650 |a Formación y Capacitación de Profesores 
650 |a Educación Física -  |x Estudio y Enseñanza 
650 |a Ocio y Tiempo Libre 
650 |a Recreación al Aire Libre 
650 |a Juegos 
650 |a Deportes 
650 |a Relaciones Maestro-Alumno 
650 |a Comunicación Educativa 
650 |a Diseño y Revisión Curricular 
650 |a Apoyos Didácticos 
650 |a Metodología Educativa 
650 |a Práctica Educativa 
650 |a Evaluación del Alumno 
650 |a Evaluación Educativa 
650 |a Finalidades de la Educación 
650 |a Proceso Educativo 
650 |a Educación Formal 
650 |a Educación 
650 |a Psicología Deportiva 
650 |a Psicología Educativa 
650 |a Educación y Salud 
700 |a Cathelineau, Jacques  |e (autor) 
910 |a Fondo General 
920 |a Impresos - Libros 
930 |a Colección General 
905 |a 101 
901 |a 0500118667  |b IT1  |c ACC  |u 20250521 
902 |a https://opac.biblio.iteso.mx/vufind/Record/000179458